The Power of Posture (Record no. 94778)

MARC details
000 -LEADER
fixed length control field 00489nam a2200181Ia 4500
008 - FIXED-LENGTH DATA ELEMENTS--GENERAL INFORMATION
fixed length control field 230125s9999 xx 000 0 und d
020 ## - INTERNATIONAL STANDARD BOOK NUMBER
International Standard Book Number 9788184956184
041 ## - LANGUAGE CODE
Language code of text/sound track or separate title eng
082 ## - DEWEY DECIMAL CLASSIFICATION NUMBER
Classification number 646.72
Item number MAH
100 ## - MAIN ENTRY--PERSONAL NAME
Personal name Mahtani R
9 (RLIN) 117041
245 ## - TITLE STATEMENT
Title The Power of Posture
Remainder of title Mindful Alignment for a Pain-Free Life
250 ## - EDITION STATEMENT
Edition statement Ed.7th
260 ## - PUBLICATION, DISTRIBUTION, ETC. (IMPRINT)
Date of publication, distribution, etc. 2016
Name of publisher, distributor, etc. Jaico Publishing House
Place of publication, distribution, etc. Mumbai
300 ## - PHYSICAL DESCRIPTION
Extent 212p
700 ## - ADDED ENTRY--PERSONAL NAME
Personal name Mahtani R
9 (RLIN) 117041
906 ## - LOCAL DATA ELEMENT F, LDF (RLIN)
b 92.69
Holdings
Withdrawn status Lost status Damaged status Not for loan Home library Current library Date acquired Vendor Cost, normal purchase price Bill number Total Checkouts Full call number Barcode Date last seen Cost, replacement price Bill Date Koha item type Original Barcode
        Smt. Hiraben Nanavati Institute of Management & Research for Women Smt. Hiraben Nanavati Institute of Management & Research for Women 16/03/2017 Suyog Enterprises 299.00 SE/SI/3867   646.72 MAH B15662 HIMR-BK-15662 25/01/2023 206.31 08/03/2017 Books B15662